Preblahoslavená

Bibliographic Details
Main Author: Strmeň, Karol, 1921-1994 (Author)
Other Authors: Kvietiková-Bekéniová, Katarína, 1967- (Illustrator)
Format: Book
Language:Slovak
PhysicalDescription:97 strán farebné ilustrácie 21cm
Published: Fintice FACE - Fóum alternatívnej kultúry a vzdelávania 2021
ISBN:9788089763702
Edition:Vydanie prvé
Series:Rewind
Subjects:

MARC

LEADER 00000cam a2200000 4500
001 vtls012075402
003 SK-MaSNL
005 20260301225247.0
008 211028s2021 xo a gr 010 p slo
015 |a SNBA2022/09 
020 |a 9788089763702  |q (viazané) 
040 |a SNK  |b slo  |c SNK  |e rda 
041 0 |a slo 
044 |a xo  |c SK 
072 7 |a 821.162.4-1  |x Slovenská poézia  |2 konspekt 
080 |a 821.162.4-1  |2 2011 
080 |a (0:82-141)  |2 2011 
100 1 |a Strmeň, Karol,  |d 1921-1994  |4 aut  |9 112747 
245 1 0 |a Preblahoslavená  |c Karol Strmeň 
250 |a Vydanie prvé 
264 1 |a Fintice  |b FACE - Fóum alternatívnej kultúry a vzdelávania  |c 2021 
300 |a 97 strán  |b farebné ilustrácie  |c 21cm 
336 |a text  |b txt  |2 rdacontent 
337 |a bez média  |b n  |2 rdamedia 
338 |a zväzok  |b nc  |2 rdacarrier 
366 |e 500 kusov 
490 1 |a Rewind 
500 |a Obsahuje biografické údaje o autorovi 
655 7 |a slovenská poézia  |2 SNKPH  |9 70444 
655 7 |a Slovak poetry  |2 SNKPHeng  |9 265010 
655 7 |a náboženská poézia  |2 SNKPH  |9 70686 
655 7 |a Religious poetry  |2 SNKPHeng  |9 303340 
700 1 |a Kvietiková-Bekéniová, Katarína,  |d 1967-  |4 ill  |9 410656 
830 0 |a Rewind  |9 331767 
919 |a 978-80-89763-70-2 
954 |a beletria pôvodná (slovenská)  |2 lita 
958 |a NT 
958 |a LX 
999 |c 950254  |d 952184 
952 |a SNK  |b SNK  |y PREZ  |7 0  |p 17A1471133  |o snkSC 195820  |i snk2022/462  |8 0  |0 0  |1 0  |4 0  |d 2022-01-10  |f 1  |l 0  |r 2025-10-15 00:00:00  |w 2026-02-24 
952 |a SNK  |b SNK  |y VYP  |7 0  |p 17A1471134  |o snkSC 195820 D1  |i snk2022/463  |8 0  |0 0  |1 0  |4 0  |d 2022-01-10  |l 0  |r 2026-02-24 09:46:17  |w 2026-02-24